Một nghệ nhân nhã nhạc được phong tặng tước hiệu hiệp sĩ /

में बचाया:
ग्रंथसूची विवरण
मुख्य लेखक: Thanh Mai.
स्वरूप: लेख
भाषा:Vietnamese
विषय:
टैग : टैग जोड़ें
कोई टैग नहीं, इस रिकॉर्ड को टैग करने वाले पहले व्यक्ति बनें!
Thư viện lưu trữ: Thư viện Trường Đại học Đà Lạt
LEADER 00751nam a2200265 4500
001 DLU100108013
005 ##20100525
040 # # |a DLU  |b vie 
041 # # |a vie 
044 # # |a vn 
100 # # |a Thanh Mai. 
245 # # |a Một nghệ nhân nhã nhạc được phong tặng tước hiệu hiệp sĩ /  |c Thanh Mai. 
653 # # |a Bản sắc văn hóa 
653 # # |a Di sản văn hóa 
653 # # |a Nghệ nhân 
773 # # |t Toàn cảnh  |g Số6(215), 2008, tr. 45 
920 # # |a Phòng Tạp chí -- Trung tâm Thông tin - Thư viện Trường Đại học Đà Lạt 
994 # # |a DLU 
900 # # |a True 
911 # # |a Nguyễn Thị Linh Chi 
925 # # |a G 
926 # # |a A 
927 # # |a BB 
980 # # |a Thư viện Trường Đại học Đà Lạt